108 Babynamen der Woche 51/25' - Statistiken

Allgemein
  • Dieses Quiz wurde 7 mal gespielt
  • Das Durchschnittsergebnis liegt bei 38 aus 108
Antwortstatistiken
📍 Vorname % Korrekt
A.t.n ♂️ Anton
100%
Ba.t..l.m..s ♂️ Bartholomäus
100%
B.r.h..d ♂️ Bernhard
100%
B.ö.k ♂️ Björk
100%
D.n..l ♂️ Daniel
80%
El.s.b..h ♀️ Elisabeth
80%
Em.l.a ♀️ Emilia
80%
G.b.i.l ♂️ Gabriel
80%
Ge.h..d ♂️ Gerhard
80%
J.l.e ♀️ Julie
80%
K.s.m.r ♂️ Kasimir
80%
Li.a ♀️ Lina
80%
Ab.l ♂️ Abel
60%
Ad.m ♂️ Adam
60%
Ad.a ♀️ Adea
60%
Ad..a.a ♀️ Adriana
60%
B.n.d..t ♂️ Benedikt
60%
Em.l..n ♂️ Emilian
60%
Em.a ♀️ Emma
60%
E.i.h ♂️ Erich
60%
E.n.t ♂️ Ernst
60%
Ir.g..d ♀️ Irmgard
60%
Is.b.l.a ♀️ Isabella
60%
J.k.b ♂️ Jakob
60%
K.a.s ♂️ Klaus
60%
Le.a ♀️ Lena
60%
Li.i ♀️ Livi
60%
L.k.s ♂️ Lukas
60%
L.v.a ♀️ Lyvia
60%
M.d.l.i.e ♀️ Madeleine
60%
Y.i ♀️ Yvi
60%
A.r.l.a ♀️ Aurelia
40%
A.r.l.o ♂️ Aurelio
40%
Co.s.a.t.n ♂️ Constantin
40%
F.e.a ♀️ Freya
40%
G.r.a ♀️ Gerda
40%
J.a..a ♀️ Joanna
40%
L.a.o ♂️ Leano
40%
Le.i ♀️ Leni
40%
Le.i ♂️ Levi
40%
L.l..h ♀️ Lilith
40%
L.t.e ♀️ Lotte
40%
Lu.a ♀️ Luna
40%
M.d.m..s.l.e ♀️ Mademoiselle
40%
M.l..a ♀️ Malina
40%
M.h.m.d ♂️ Mohamed
40%
M.r..z ♂️ Moritz
40%
N.c..a ♀️ Nicola
40%
No.h ♂️ Noah
40%
Op..l.a ♀️ Ophelia
40%
Pa.l ♂️ Paul
40%
R.f..l ♂️ Rafael
40%
R.s.l.e ♀️ Rosalie
40%
S.r.h ♀️ Sarah
40%
S.b..t..n ♂️ Sebastian
40%
S.m.n ♂️ Simon
40%
S.p..e ♀️ Sophie
40%
U.r..h ♂️ Ulrich
40%
V.n ♂️ Van
40%
Wi.h..m ♂️ Wilhelm
40%
El.o.a ♀️ Eliora
20%
Es.e ♀️ Esme
20%
G.a.e ♀️ Grace
20%
H.n.i ♂️ Hanni
20%
J.n..s ♂️ Jannis
20%
Jo.y ♂️ Joey
20%
L.f.y.t.e ♀️ Lafayette
20%
L.j..n ♀️ Lojain
20%
L.i.e ♀️ Luise
20%
L.m.a ♀️ Lumea
20%
Lu.i ♀️ Lumi
20%
Ma.a ♀️ Maja
20%
M.l.u ♀️ Malou
20%
M.n.n ♀️ Manon
20%
M.r.e ♀️ Marie
20%
M.c.a.l ♂️ Michael
20%
O.t.m.r ♂️ Ottomar
20%
Pa.l..a ♀️ Paulina
20%
Ro.i ♀️ Romi
20%
Ro.e ♀️ Rosé
20%
S.l.s ♂️ Silas
20%
T.e.d.r ♂️ Theodor
20%
Ul.x ♂️ Ulix
20%
An.s ♂️ Anas
0%
B.a.r..e ♀️ Beatrice
0%
B.y.h..d ♀️ Brynhild
0%
Ca.m.l..o ♂️ Carmelino
0%
C.l.t.e ♀️ Colette
0%
D.n..a ♀️ Danika
0%
Fa.e ♀️ Faye
0%
Gu.t.f ♂️ Gustaf
0%
I.s.n.s ♂️ Iasonas
0%
Jo.e ♀️ Jose
0%
K.a.o ♂️ Kiano
0%
K.i.t.n ♂️ Kristan
0%
L.b..e..t ♂️ Leberecht
0%
Le.n.d ♂️ Leonid
0%
Ma.m..d ♂️ Mahmoud
0%
M.l.a ♀️ Malea
0%
Ma.l..e ♀️ Marlene
0%
M.r.o ♂️ Marlo
0%
M.l.a ♀️ Milea
0%
Mu.t..r ♂️ Munther
0%
N.l..i ♀️ Nalani
0%
No.a ♀️ Nova
0%
P.e.a ♀️ Phera
0%
S.l.m.n ♂️ Soliman
0%
Vi.c..t ♂️ Vincent
0%
Keine übereinstimmenden Quizze gefunden
Verteilung der Resultate
Anzahl Personen mit jedem Resultat
Perzentil nach korrekt beantworteten Fragen
Ihre Resultats-Entwicklung
Sie haben dieses Quiz noch nicht gespielt